Comparative international accounting (Record no. 16503)

MARC details
000 -LEADER
fixed length control field 00669nam a22001817a 4500
008 - FIXED-LENGTH DATA ELEMENTS--GENERAL INFORMATION
fixed length control field 170922b xxu||||| |||| 00| 0 eng d
020 ## - INTERNATIONAL STANDARD BOOK NUMBER
International Standard Book Number 1292081908
040 ## - CATALOGING SOURCE
Original cataloging agency KABU
Transcribing agency KABU
050 ## - LIBRARY OF CONGRESS CALL NUMBER
Classification number HF5625
Item number .N63 2016
100 ## - MAIN ENTRY--PERSONAL NAME
Personal name Nobes, Christopher
245 ## - TITLE STATEMENT
Title Comparative international accounting
Statement of responsibility, etc. Christopher Nobes and Robert Parker
250 ## - EDITION STATEMENT
Edition statement 13th ed.
260 ## - PUBLICATION, DISTRIBUTION, ETC. (IMPRINT)
Place of publication, distribution, etc. New York
Name of publisher, distributor, etc. Pearson Education
Date of publication, distribution, etc. 2016
300 ## - PHYSICAL DESCRIPTION
Extent xxi, 611 p.
650 ## - SUBJECT ADDED ENTRY--TOPICAL TERM
Topical term or geographic name as entry element Comparative accounting
700 ## - ADDED ENTRY--PERSONAL NAME
Personal name Parker, Robert
942 ## - ADDED ENTRY ELEMENTS (KOHA)
Source of classification or shelving scheme Library of Congress Classification
Koha item type General Collection
Edition 13th ed.
Classification part HF5635 .N63 2016
Holdings
Withdrawn status Lost status Source of classification or shelving scheme Not for loan Home library Current library Shelving location Date acquired Cost, normal purchase price Inventory number Total Checkouts Full call number Barcode Date last seen Date last checked out Copy number Price effective from Koha item type
    Library of Congress Classification   Kabarak, Main Campus Kabarak, Main Campus General Stacks 22/09/2017 5181.03 2017/0248 1 HF5625 .N63 2016 C.1 027594 02/08/2024 09/03/2020 C.1 22/09/2017 General Collection
    Library of Congress Classification   Kabarak, Nakuru City Campus Kabarak, Nakuru City Campus General Stacks 22/09/2017 5181.03 2017/0248 1 KTC HF5625 .N63 2016 C.1 027554 09/03/2019 21/02/2019 C.1 22/09/2017 General Collection
Designed with assistance from East African Informatics Ltd